Podpora sociálneho podnikania a udržateľná produkcia potravín

Saved in:
Bibliographic Details
Main Author: Andrejovský, Pavol, 1975-
Format: Book Chapter
Language:Slovak
Subjects:
Tags: Add Tag
No Tags, Be the first to tag this record!

MARC

LEADER 00000naa$a2200000$$$4500
001 0267608
005 20240502074211.3
041 0 |a slo 
044 |a SK 
245 1 0 |a Podpora sociálneho podnikania a udržateľná produkcia potravín  |c Pavol Andrejovský 
500 |a abstrakt 
610 2 0 |a potravinárstvo 
610 2 0 |a bezpečnosť potravinová 
610 2 0 |a podnikanie sociálne 
610 2 0 |a spotreba potravín 
100 1 |a Andrejovský, Pavol, 1975-